<?xml version="1.0" encoding="UTF-8"?>
<marc:record xmlns:marc="http://www.loc.gov/MARC21/slim">
   <marc:leader>00000nam a2200000 a 4500</marc:leader>
   <marc:datafield ind1="1" ind2=" " tag="100">
      <marc:subfield code="a">Pürstinger, Berthold</marc:subfield>
      <marc:subfield code="4">aut</marc:subfield>
      <marc:subfield code="e">Verfasser/-in</marc:subfield>
   </marc:datafield>
   <marc:datafield ind1="1" ind2=" " tag="100">
      <marc:subfield code="a">Matthäus &lt;Salzburg, Erzbischof&gt;</marc:subfield>
   </marc:datafield>
   <marc:datafield ind1=" " ind2=" " tag="653">
      <marc:subfield code="a">s||Dogmatik</marc:subfield>
   </marc:datafield>
   <marc:datafield ind1=" " ind2=" " tag="653">
      <marc:subfield code="a">k||Katholische Kirche</marc:subfield>
   </marc:datafield>
   <marc:datafield ind1="0" ind2="0" tag="245">
      <marc:subfield code="a">Tewtsche Theologey</marc:subfield>
   </marc:datafield>
   <marc:datafield ind1="0" ind2="0" tag="245">
      <marc:subfield code="c">[Bertold Bischof ettwann zu Kiembse]</marc:subfield>
   </marc:datafield>
   <marc:datafield ind1=" " ind2="1" tag="264">
      <marc:subfield code="a">München</marc:subfield>
      <marc:subfield code="b">Schobser</marc:subfield>
      <marc:subfield code="c">1528</marc:subfield>
   </marc:datafield>
   <marc:datafield ind1="1" ind2=" " tag="520">
      <marc:subfield code="a">Datumsangabe lt. Kolophon: Geschriben im Closter Raytenhaslach bey Burckhawsen vnd geendet am lessten tag des monats Nouembris. Nach Christi vnsers hailers geburd. 1.5.2.7.jar. Erscheinungsvermerk lt. Kolophon: Gedruckht vnd volendet in der Fürst= || lichen Statt München durch Han= || sen Schobser puechdruckher da= || selbs, am lessten tag des augst= || monets. Als man zelt || nach Christi gepurd || M.CCCCC. || XXviii. || jar.</marc:subfield>
   </marc:datafield>
   <marc:datafield ind1=" " ind2=" " tag="041">
      <marc:subfield code="a">ger</marc:subfield>
   </marc:datafield>
   <marc:datafield ind1=" " ind2=" " tag="500">
      <marc:subfield code="a">Titelbl. in Rot- und Schwarzdr. - Bibliogr. Nachweis: VD16 P 2923</marc:subfield>
   </marc:datafield>
   <marc:datafield ind1=" " ind2=" " tag="300">
      <marc:subfield code="a">[252] Bl. : Ill.; 31 cm</marc:subfield>
   </marc:datafield>
</marc:record>
